000 00292nam a22001337a 4500
008 171027b xxu||||| |||| 00| 0 eng d
020 _a1557380074
041 _aeng
080 _a338
100 _a56
101 _aMEN
245 _aFIXED INCOME MATHEMATICS
_cFABOZZI,F.J
942 _2udc
_cBK
999 _c35981
_d35981